«Car c'est l'amour qui me plaît, non le sacrifice.» : Recherches sur Osée 6:6 et son interprétation juive et chrétienne /
This book contributes to the study of Hosea 6:6 ("For what I desire is love and not sacrifice, and I prefer knowledge of God to burnt offerings") and its reception in ancient Jewish and Christian writings. Some of the articles contained in this book address the verse itself and the use mad...
مؤلفون آخرون:
التنسيق: كتاب الكتروني
اللغة: English
منشور في:
Leiden; Boston :
BRILL,
2004.
سلاسل:
Supplements to the Journal for the Study of Judaism ;
88.
Brill Book Archive Part 1, ISBN: 9789004472495.
الموضوعات:
الوصول للمادة أونلاين: Login to view Source
الوسوم: إضافة وسم
رقم الطلب: BS1565.52
| LEADER | 03372nam a22004818i 4500 | ||
|---|---|---|---|
| 001 | BRILL9789047413288 | ||
| 003 | nllekb | ||
| 005 | 20220208174524.0 | ||
| 006 | m d | ||
| 007 | cr un uuuua | ||
| 008 | 200716s2004 ne sb 001 0 eng d | ||
| 020 | |a 9789047413288 |q (electronic book) | ||
| 020 | |a 9789004136779 |q (print) | ||
| 024 | 7 | |a 10.1163/9789047413288 |2 DOI | |
| 035 | |z (OCoLC)53796800 | ||
| 040 | |a NL-LeKB |c NL-LeKB |e rda | ||
| 050 | 4 | |a BS1565.52 | |
| 072 | 7 | |a HRJ |2 bicssc | |
| 072 | 7 | |a REL |x 040000 | |
| 082 | 0 | 4 | |a 224 /.606 |2 23 |
| 245 | 0 | 0 | |a «Car c'est l'amour qui me plaît, non le sacrifice.» : |b Recherches sur Osée 6:6 et son interprétation juive et chrétienne / |c edited by Eberhard Bons. |
| 246 | 3 | |a Recherches sur Osée 6:6 et son interprétation juive et chrétienne | |
| 264 | 1 | |a Leiden; |a Boston : |b BRILL, |c 2004. | |
| 300 | |a 1 online resource. | ||
| 336 | |a text |b txt |2 rdacontent | ||
| 337 | |a computer |b c |2 rdamedia | ||
| 338 | |a online resource |2 rdacarrier | ||
| 490 | 1 | |a Supplements to the Journal for the Study of Judaism ; |v 88 | |
| 490 | 1 | |a Brill Book Archive Part 1, ISBN: 9789004472495 | |
| 504 | |a Includes bibliographical references and index. | ||
| 505 | 0 | |a Préface -- Introduction, Eberhard Bons -- Osée 6:6 dans le Texte Massorétique, Eberhard Bons -- חםר "bienveillance" et ἔλεος "pitié". Réflexions sur une équivalence lexicale dans la Septante, Jan Joosten -- La citation d'Osée 6:6 dans les Oracles Sibyllins , Gianfrancesco Lusini -- Les citations d'Osée 6:6 dans deux péricopes de l'Évangile de Matthieu (Mt 9:9-13 et 12:1-8), Pierre Keith -- Les emplois d' ἔλεος en Luc - Actes, Daniel Gerber -- Les sacrifices et leur signification symbolique chez Philon d'Alexandrie, Francesca Calabi -- Osée 6:6 dans l'histoire de l'interprétation juive, Matthias Millard -- L'interprétation patristique d'Osée 6:6, Maria Cristina Pennacchio -- Conceptions grecques de la pitié, Laurent Pernot -- Indices -- Références -- Termes hébreux, araméens et grecs -- Sujets -- Auteurs. | |
| 520 | |a This book contributes to the study of Hosea 6:6 ("For what I desire is love and not sacrifice, and I prefer knowledge of God to burnt offerings") and its reception in ancient Jewish and Christian writings. Some of the articles contained in this book address the verse itself and the use made of it in the Sibylline Oracles, Gospel of Matthew, rabbinic writings, and patristic literature. Other articles deal with the notion of sacrifice in Philo and with the notion of mercy in the Septuagint, the Gospel of Luke, and Greek literature. | ||
| 588 | |a Description based on print version record. | ||
| 650 | 0 | |a Ancient literature. | |
| 650 | 0 | |a Christian literature. | |
| 700 | 1 | |a Bons, Eberhard, |e editor. | |
| 776 | 0 | 8 | |i Print version: |t «Car c'est l'amour qui me plaît, non le sacrifice.» : Recherches sur Osée 6:6 et son interprétation juive et chrétienne. |d Leiden ; Boston : BRILL, 2004 |z 9789004136779 |w (DLC) 2003065509 |
| 830 | 0 | |a Supplements to the Journal for the Study of Judaism ; |v 88. | |
| 830 | 0 | |a Brill Book Archive Part 1, ISBN: 9789004472495. | |
| 856 | 4 | |z DOI: |u http://dx.doi.org/10.1163/9789047413288 | |
| 942 | |2 lcc |c EBOOK | ||
| 952 | |0 0 |1 0 |2 lcc |4 0 |7 1 |9 32943 |a BRILL |b BRILL |d 2022-02-08 |l 0 |r 2022-02-08 00:00:00 |w 2022-02-08 |y EBOOK | ||
| 999 | |c 41373 |d 41373 | ||
